Catálogo
 En Linea

Historia de Cartagena : (Registro nro. 6429)

Detalles MARC
000 -CABECERA
campo de control de longitud fija 00694cam a2200193 a 4500
001 - NÚMERO DE CONTROL
campo de control 000006639
005 - FECHA Y HORA DE LA ÚLTIMA TRANSACCIÓN
campo de control 20200929153949.0
008 - DATOS DE LONGITUD FIJA--INFORMACIÓN GENERAL
campo de control de longitud fija 920519s1990 sp abc b 001 0 spa
020 ## - NÚMERO INTERNACIONAL ESTÁNDAR DEL LIBRO
Número Internacional Estándar del Libro 8440480784
040 ## - FUENTE DE LA CATALOGACIÓN
Centro catalogador/agencia de origen DO-SdBNP
Centro/agencia transcriptor DLCLC
082 ## - NÚMERO DE LA CLASIFICACIÓN DECIMAL DEWEY
Número de clasificación 946.77
Número de documento/Ítem S685h
100 1# - ENTRADA PRINCIPAL--NOMBRE DE PERSONA
Nombre de persona Soler Cantó, Juan.
Numeración 1917-
9 (RLIN) 18440
245 10 - MENCIÓN DE TÍTULO
Título Historia de Cartagena :
Resto del título desde antes de su fundación hasta finales del siglo XX J.C. /
Mención de responsabilidad, etc. Juan Soler Cantó.
260 ## - PUBLICACIÓN, DISTRIBUCIÓN, ETC.
Lugar de publicación, distribución, etc. Cartagena, (Colombia) :
Nombre del editor, distribuidor, etc. Librería escarabajal,
Fecha de publicación, distribución, etc. 1990.
300 ## - DESCRIPCIÓN FÍSICA
Extensión 311 p. :
Otras características físicas il., mapas ;
Dimensiones 29 cm.
504 ## - NOTA DE BIBLIOGRAFÍA, ETC.
Nota de bibliografía, etc. Bibliografías: p. 305-309.
651 #4 - PUNTO DE ACCESO ADICIONAL DE MATERIA--NOMBRE GEOGRÁFICO
Nombre geográfico Cartagena (Colombia{Rpara}
Subdivisión general Historia Militar
9 (RLIN) 18441
910 ## - DATOS DE OPCIÓN DEL USUARIO (OCLC)
Datos de opción del usuario Catalogación derivada / LC
Existencias
Estado de retiro Estado de pérdida Restricciones de uso No para préstamo Código de colección Localización permanente Ubicación/localización actual Ubicación en estantería Fecha de adquisición Número de inventario Total de préstamos Signatura topográfica completa Código de barras Fecha visto por última vez Precio válido a partir de Tipo de ítem Koha
    Préstamo interno   Monografías: Libros y Folletos General General En catalogación 01.09.2009 LF1   946.77 S685h 6639-10 25.06.2020 25.06.2020 Préstamo interno

Con tecnología Koha